| 000 | 00883nam a2200253 a 4500 | ||
|---|---|---|---|
| 001 | BRCA_1337 | ||
| 005 | 20190320203400.0 | ||
| 008 | 970507s1996 mx-a---##b---#000-0bspa-d | ||
| 020 | _a9686932437 (v. 4) | ||
| 040 |
_aLNT _cLNT _dDLC |
||
| 050 | 4 |
_aF1232 _b.H47 1996 |
|
| 100 | 1 |
_aHerrejón Peredo, Carlos _94374 |
|
| 245 | 1 | 0 |
_aMorelos _cCarlos Herrejón Peredo ; coordinador de la obra Fausto Zerón-Medina. |
| 260 |
_aMéxico _bClío _c1996 |
||
| 300 |
_a63 p. _bil. (algunas a color) _c32 cm. |
||
| 440 | 0 |
_aLa antorcha encendida _v4 _94375 |
|
| 504 | _aBibliografía: p. 63 | ||
| 600 | 1 | 4 |
_aMorelos, José María _d1765-1815 _94376 |
| 610 | 2 | 4 |
_aIglesia católica _xClero _zMéxico _9986 |
| 650 | 1 | 4 |
_aRevolucionarios _vBiografía _zMéxico _94377 |
| 651 | 4 |
_aMéxico _xHistoria _yGuerra de Independencia, 1810-1821 _94378 |
|
| 700 | 1 |
_aZerón-Medina, Fausto _94379 |
|
| 942 |
_2lcc _cB |
||
| 999 |
_c1200 _d1200 |
||